The enigma of opiate abuse in pakistan / (Record no. 3221)
[ view plain ]
| 000 -LEADER | |
|---|---|
| fixed length control field | 00546nam a2200169 a 4500 |
| 020 ## - INTERNATIONAL STANDARD BOOK NUMBER | |
| ISBN | 9698064087 (unknown binding) |
| 020 ## - INTERNATIONAL STANDARD BOOK NUMBER | |
| ISBN | 9789698064082 (unknown binding) |
| 100 1# - MAIN ENTRY--AUTHOR NAME | |
| Personal name | Kausar, Wasim. |
| 245 14 - TITLE STATEMENT | |
| Title | The enigma of opiate abuse in pakistan / |
| 250 ## - EDITION STATEMENT | |
| Edition statement | 1st ed. |
| 260 ## - PUBLICATION, DISTRIBUTION, ETC. (IMPRINT) | |
| Place of publication | [S.l.] : |
| Name of publisher | Naeem Khalid, |
| Year of publication | 1991. |
| 300 ## - PHYSICAL DESCRIPTION | |
| Number of Pages | 170 p. |
| 856 40 - ELECTRONIC LOCATION AND ACCESS | |
| Uniform Resource Identifier | http://www.amazon.com/exec/obidos/ASIN/9698064087/chopaconline-20 |
| Withdrawn status | Lost status | Home library | Current library | Date acquired | Cost, normal purchase price | Full call number | Accession Number | Koha item type |
|---|---|---|---|---|---|---|---|---|
| Central Library, QUEST, Nawabshah | Central Library, QUEST, Nawabshah | 15/05/2014 | 200.00 | KAU | 16876 | Books |